000 00482nam a2200169Ia 4500
008 090711s9999 xx 000 0 und d
082 _b74028
100 _aबेदरकर शं. बा.
245 _aश्वेत मयुर
260 _c1994
300 _a156
600 _aबेदरकर शं. बा.
630 _aश्वेत मयुर
700 _aबेदरकर शं. बा.
730 _aश्वेत मयुर
942 _cBOOK
999 _c311350
_d311350